Amar como Dios ama (Registro nro. 304375)
[ vista simple ]
| 000 -ENCABEZADO | |
|---|---|
| Número de control [NR] | 00929 a2200265 4500 |
| 005 - FECHA Y HORA DE LA ÚLTIMA TRANSACCIÓN | |
| control field | 20160826110357.0 |
| 008 - DE LONGITUD FIJA DE DATOS DE ELEMENTOS - INFORMACIÓN GENERAL | |
| Elementos de longitud fija [NR] | 160826s2006 cl ||||fr|||| 001 0 spa d |
| 020 ## - NUMERO INTERNACIONAL NORMALIZADO PARA LIBROS [R] | |
| Número Internacional Normalizado del libro [NR] | 956272672X (4a.Ed.) |
| 040 ## - FUENTE DE CATALOGACION [NR] | |
| Agencia de catalogación original [NR] | CO-BoUCM |
| Idioma de catalogación [NR] | spa |
| Quien Cataloga | Saul Niño |
| Quien Clasifica | Saul Niño |
| 041 0# - CODIGO DE IDIOMA [R] | |
| Código de idioma para texto/pista de sonido o título separado [R] | Español |
| 100 1# - ASIENTO PRINCIPAL--NOMBRE PERSONAL [NR] | |
| Nombre personal [NR] | Miranda, Mercedes |
| ID Autoridad | 79215 |
| 245 10 - MENCION DE TITULO [NR] | |
| Título [NR] | Amar como Dios ama |
| Mención de responsabilidad, etc. [NR] | Mercedes Miranda |
| 246 30 - FORMA VARIANTE DEL TITULO [R] | |
| Título propiamente dicho/forma breve del título [NR] | La terrible crisis global es el reflejo de la dureza de los corazones que no han querido vivir los maravillosos diez mandamientos |
| 250 ## - MENCION DE EDICION [NR] | |
| Mención de edición [NR] | 4a edición |
| 260 ## - PUBLICACION, DISTRIBUCION, ETC. (PIE DE IMPRENTA) [R] | |
| Lugar de publicación, distribución, etc. [R] | Santiago de Chile (Chile) |
| Nombre del editor, distribuidor, etc. [R] | Cadena del amor |
| Fecha de publicación, distribución, etc. [R] | 2006 |
| 300 ## - DESCRIPCION FISICA [R] | |
| Extensión [R] | 424 páginas |
| 500 ## - NOTA GENERAL [R] | |
| Nota general [NR] | Incluye índice |
| 650 #7 - ASIENTO SECUNDARIO DE MATERIA - TERMINO TEMATICO [R] | |
| 9 (RLIN) | 10610 |
| Término temático o nombre geográfico como elemento de entrada [NR] | Catolicismo |
| 650 #7 - ASIENTO SECUNDARIO DE MATERIA - TERMINO TEMATICO [R] | |
| 9 (RLIN) | 18895 |
| Término temático o nombre geográfico como elemento de entrada [NR] | Mandamientos de Dios |
| 650 #0 - ASIENTO SECUNDARIO DE MATERIA - TERMINO TEMATICO [R] | |
| 9 (RLIN) | 50402 |
| Término temático o nombre geográfico como elemento de entrada [NR] | Dios |
| 650 #7 - ASIENTO SECUNDARIO DE MATERIA - TERMINO TEMATICO [R] | |
| 9 (RLIN) | 8917 |
| Término temático o nombre geográfico como elemento de entrada [NR] | Amor |
| 690 #0 - ASUNTO AGREGADO LOCAL DE ENTRADA - TÉRMINO TEMÁTICO (OCLC, RLIN) | |
| Acceso temático local | Filosofía de la religión |
| 9 (RLIN) | 15775 |
| 942 ## - ELEMENTOS DE ENTRADA AGREGADOS (KOHA) | |
| Tipo de ítem principal el descrito en 300a | Libro |
| Sistema de clasificación | DEWEY |
| Tema principal | Religión |
| Edición | 4 |
| Clasificación | 200.8 |
| Parte restante de la signatura top. | M672am |
| Fecha de último préstamo | Total préstamos | Total Renewals | Signatura topográfica | Código de barras | Última vez visto | Volúmen / Fascículo | Ejemplar | Costo de reposición | Price effective from | Tipo de ítem | Perdido | Sistema de clasificación | Dañado | No prestable | Tipo de ítem específico | Suprimido | Ubicación habitual | Ubicación actual | Localización | Fecha de creación | Proveedor | Forma de adquisición | Costo |
|---|---|---|---|---|---|---|---|---|---|---|---|---|---|---|---|---|---|---|---|---|---|---|---|
| 19/05/2025 | 4 | 3 | 200.8 M672am | 100150357 | 05/12/2025 | 4a.Ed. | Ej.1 | 26000.00 | 24/08/2016 | Libro | DEWEY | Libro | Claustro | Claustro | 2do piso | 24/08/2016 | 12 | Donación | 0.00 |